
Library Catalogue

| 000 -LEADER | |
|---|---|
| fixed length control field | 01656nam a2200217Ia 4500 |
| 003 - CONTROL NUMBER IDENTIFIER | |
| control field | OSt |
| 005 - DATE AND TIME OF LATEST TRANSACTION | |
| control field | 20211220123212.0 |
| 008 - FIXED-LENGTH DATA ELEMENTS--GENERAL INFORMATION | |
| fixed length control field | 160316s2011 xxu||||| |||| 00| 0 eng d |
| 040 ## - CATALOGING SOURCE | |
| Transcribing agency | nls |
| 082 ## - DEWEY DECIMAL CLASSIFICATION NUMBER | |
| Classification number | 346.022 IYE-II |
| Item number | IYE-II |
| 100 ## - MAIN ENTRY--PERSONAL NAME | |
| Personal name | Iyer T S Venkatesa |
| 245 ## - TITLE STATEMENT | |
| Title | The law of contracts and tenders Vol II |
| 250 ## - EDITION STATEMENT | |
| Edition statement | 10thn R |
| 260 ## - PUBLICATION, DISTRIBUTION, ETC. | |
| Place of publication, distribution, etc. | Hyderabad |
| Name of publisher, distributor, etc. | S.Gogia & Co. |
| Date of publication, distribution, etc. | 2011 |
| 300 ## - PHYSICAL DESCRIPTION | |
| Extent | 1214p |
| 365 ## - TRADE PRICE | |
| Price amount | Rs.2,990 Vols |
| 505 ## - FORMATTED CONTENTS NOTE | |
| Formatted contents note | CONTENTS:<br/>CHAPTER 1: Of The Communication, Acceptance And Revocation Of Proposals;<br/>Chapter 2: Of Contracts, Voidable Contracts And Void Agreements;<br/>Chapter 3: Of Contingent Contracts;<br/>Chapter 4: Of The Performance Of Contract<br/>Chapter 5: Of Certain Relations Resembling Those Created By Contract<br/>Chapter 6: Of The Consequences Of Breach Of Contract<br/>Chapter 7: Sale Of Goods;<br/>Chapter 8: Of Indemnity And Guarantee;<br/>Chapter 9: Of Bailment;<br/>Chapter 10: Agency;<br/>The Sale of Goods Act,1930:<br/>Chapter 1: Preliminary;<br/>Chapter 2: Formation of Contract Contract of Sale;<br/>Chapter 3: Effects Of The Contract;<br/>Chapter 4: Performance Of The Contract;<br/>Chapter 5: Rights Of Unpaid Seller Against The Goods;<br/>Chapter 6: Suits For Breach Of The Contract;<br/>Chapter 7: Miscellaneous;<br/>The Indian Partnership Act,1932;<br/>Chapter 1: Preliminary;<br/>Chapter 2: The Nature Of Partnership;<br/>Chapter 3: Relations of Partners To One Another;<br/>Chapter 4: Relations Of Partners To Third Partners;<br/>Chapter 5: INCOMING AND OUTGOING PARTNERS;<br/>CHAPTER 6: DISSOLUTION OF A FIRM;<br/>CHAPTER 7: REGISTRATION OF FIRMS;<br/>CHAPTER 8: SUPPLEMENTAL.<br/><br/><br/> |
| 650 ## - SUBJECT ADDED ENTRY--TOPICAL TERM | |
| Topical term or geographic name entry element | 1. Contract Law -Tenders |
| 700 ## - ADDED ENTRY--PERSONAL NAME | |
| Personal name | |
| -- | |
| 942 ## - ADDED ENTRY ELEMENTS (KOHA) | |
| Source of classification or shelving scheme | Dewey Decimal Classification |
| Koha item type | BOOKs |
| Withdrawn status | Lost status | Damaged status | Not for loan | Home library | Current library | Shelving location | Date acquired | Cost, normal purchase price | Total Checkouts | Full call number | Barcode | Date last seen | Price effective from | Koha item type | Public note |
|---|---|---|---|---|---|---|---|---|---|---|---|---|---|---|---|
| NLS | NLS | 30/05/2017 | 2990.00 | 346.022 IYE-II | 26824 | 30/05/2017 | 30/05/2017 | BOOKs | Price for the entire Set of Volumes |